Bosnian: numbers 10 - 100 - Statistics

General Stats
  • This quiz has been taken 29 times
  • The average score is 12 of 22
Answer Stats
Number Bosnian % Correct
10 deset
100%
20 dvadeset
73%
12 dvanaest
73%
11 jedanaest
73%
13 trinaest
73%
14 četrnaest
68%
19 devetnaest
68%
18 osamnaest
68%
15 petnaest
68%
17 sedamnaest
68%
16 šesnaest
59%
22 dvadeset i dva
50%
21 dvadeset i jedan
50%
40 četrdeset
41%
80 osamdeset
41%
70 sedamdeset
41%
30 trideset
41%
50 pedeset
36%
100 sto
36%
90 devedeset
32%
60 šezdeset
27%
23 dvateste i tri
0%
No matching quizzes found
Score Distribution
Percent of People with Each Score
Percentile by Number Answered
Your Score History
You have not taken this quiz